00610nam a22002177a 450000500170000001000130001702000100003003500130004003700160005304000120006908200150008110000210009624500730011725000220019026000400021227000430025230000250029550000410032065000140036165000170037520170124110053.0 aA-158775 c00.00 aA-158775 bCen Lib/Ret aDPLbEN a657.6bJAG aJagdish Prakash  aAuditing :cby Jagdish Prakash bprinciple, practices and problems / a5th rev. enl. ed. aLudhianabKalyani Publishers c1983 bLudhianaa1/1, rajinder nagar e141008 axii, 636p.c20cm(Hb) aIncludes bibliographical references  aAuditing  aFundamentals